000 00541nam a2200205 4500
001 132521
003 ES-MaACL
005 20230906194207.0
007 t|
008 070214s1948 sp r ||||1| spa d
100 1 _aRomero de Tejada, J.
_999376
245 1 3 _aLa luna se ríe /
_cJosé Romero de Tejada.
250 _a1ª ed.
260 _aBarcelona :
_bL. A. R. A.,
_c1948.
300 _a191 p. ;
_c19 cm.
490 1 _aHorizonte
830 0 _aHorizonte
_9180916
852 _aES-MaACL
_jC-5181
_bR.26077
999 _c132521
_d132521